Les noms de communes en Breton - Facile - Statistiques

Statistiques générales
  • Ce quiz a été pris 44 fois
  • Le résultat moyen est 7 sur 12
Statistiques - réponses
Hint Réponse % Correct
Rennes Roazhon
86%
Quimper Kemper
76%
Brest Brest
74%
Nantes Naoned
69%
Vannes Gwened
67%
Lorient An Oriant
62%
Saint-Brieuc Sant Brieg
55%
Guingamp Gwengamp
48%
Morlaix Montroulez
40%
Lannion Lannuon
38%
Lamballe Lambal
31%
Carhaix-Plouguer Karaez Plougêr
14%
Aucun quiz correspondant
Distribution des résultats
% des personnes avec chaque résultat
Percentile par nombre de réponses
Votre historique - résultats
Vous n’avez pas pris ce quiz